[Event "Elite POM"]
[Site "Montreal CAN"]
[Date "2012.10.06"]
[Round "2.1"]
[White "Sambuev, Bator"]
[Black "Chiku-Ratte, Olivier-Kenta"]
[Result "1-0"]
[WhiteElo "2594"]
[BlackElo "2214"]
[PlyCount "59"]
[GameId "2160767909444752"]
[EventDate "2012.10.05"]
[EventType "swiss"]
[EventRounds "7"]
[EventCountry "CAN"]
[SourceTitle "EXT 2022"]
[Source "ChessBase"]
[SourceDate "2021.10.06"]
[SourceVersion "1"]
[SourceVersionDate "2021.10.06"]
[SourceQuality "1"]

1. d4 Nf6 2. Nf3 c5 3. e3 b6 4. Bd3 Bb7 5. O-O g6 6. c4 d6 7. Nc3 Nbd7 8. d5 Bg7 9. h3 O-O 10. e4 e6 11. Bg5 exd5 12. exd5 a6 13. Qd2 Re8 14. a4 Ne5 15. Nxe5 Rxe5 16. f4 Re8 17. f5 Rf8 18. Kh1 Bc8 19. Rf3 Qc7 20. Bxf6 Bxf6 21. Ne4 Qe7 22. Nxf6+ Qxf6 23. fxg6 Qg7 24. gxh7+ Kh8 25. Raf1 f6 26. Qf2 f5 27. Bxf5 Bxf5 28. Rxf5 Rxf5 29. Qxf5 Qxb2 30. Qg6 1-0

[Event "Elite POM"]
[Site "Montreal CAN"]
[Date "2012.10.06"]
[Round "2.2"]
[White "Larochelle, Martial"]
[Black "Kovalyov, Anton"]
[Result "0-1"]
[WhiteElo "2201"]
[BlackElo "2589"]
[PlyCount "52"]
[GameId "2160767909444753"]
[EventDate "2012.10.05"]
[EventType "swiss"]
[EventRounds "7"]
[EventCountry "CAN"]
[SourceTitle "EXT 2022"]
[Source "ChessBase"]
[SourceDate "2021.10.06"]
[SourceVersion "1"]
[SourceVersionDate "2021.10.06"]
[SourceQuality "1"]

1. d4 Nf6 2. c4 e6 3. Nc3 Bb4 4. e3 c5 5. Nge2 cxd4 6. exd4 O-O 7. a3 Be7 8. d5 exd5 9. cxd5 Bc5 10. Nd4 d6 11. Be2 Nbd7 12. O-O Ne5 13. h3 h6 14. Be3 Re8 15. Qd2 a6 16. Rfe1 Bd7 17. Nf3 Bxe3 18. Qxe3 Nxf3+ 19. Qxf3 Qb6 20. b4 a5 21. Rab1 axb4 22. Rxb4 Qc5 23. Nb1 Re5 24. Rd1 Rae8 25. Bf1 Rf5 26. Qg3 Ne4 0-1

[Event "Elite POM"]
[Site "Montreal CAN"]
[Date "2012.10.06"]
[Round "2.3"]
[White "Jiang, Louie"]
[Black "Yu, Zong Yang"]
[Result "1/2-1/2"]
[WhiteElo "2357"]
[BlackElo "2139"]
[PlyCount "212"]
[GameId "2160767909444754"]
[EventDate "2012.10.05"]
[EventType "swiss"]
[EventRounds "7"]
[EventCountry "CAN"]
[SourceTitle "EXT 2022"]
[Source "ChessBase"]
[SourceDate "2021.10.06"]
[SourceVersion "1"]
[SourceVersionDate "2021.10.06"]
[SourceQuality "1"]

1. e4 c5 2. Nc3 Nc6 3. Bb5 e6 4. Nf3 Nge7 5. b3 g6 6. Bb2 Bg7 7. O-O O-O 8. Re1 d6 9. Qc1 Rb8 10. Nd1 Nd4 11. Nxd4 cxd4 12. c3 e5 13. Bf1 Be6 14. f3 d5 15. Nf2 Qb6 16. Ba3 Rfe8 17. cxd4 dxe4 18. Bc5 Qd8 19. Nxe4 Nf5 20. Bxa7 Ra8 21. d5 Bxd5 22. Bf2 Rc8 23. Qb2 Nd4 24. Rac1 Qd7 25. Bc4 b5 26. Bxd5 Qxd5 27. Rxc8 Rxc8 28. Bxd4 exd4 29. Rc1 Re8 30. Rc5 Qd8 31. Qc1 f5 32. Nf2 d3 33. Rxb5 Bd4 34. Kf1 Qe7 35. Qc4+ Kf8 36. Qb4 Qxb4 37. Rxb4 Bxf2 38. Kxf2 Re2+ 39. Kg3 Rxd2 40. Rd4 Rxa2 41. Rxd3 Rb2 42. Rd8+ Kg7 43. Rb8 g5 44. Rb6 h6 45. Kh3 Kh7 46. Rb4 Kg6 47. Kg3 Kf6 48. h4 gxh4+ 49. Rxh4 Rxb3 50. Rxh6+ Kg5 51. Rc6 f4+ 52. Kh2 Rb2 53. Rc8 Rb7 54. Rc5+ Kf6 55. Rc6+ Kf5 56. Rc5+ Kf6 57. Kh3 Rg7 58. Rc8 Rg3+ 59. Kh2 Rg7 60. Rf8+ Ke5 61. Kg1 Rg6 62. Rb8 Rg7 63. Ra8 Kf5 64. Ra5+ Kf6 65. Kf2 Rg8 66. Rd5 Ke6 67. Rc5 Kf6 68. Rc2 Kf5 69. Ke1 Re8+ 70. Re2 Rg8 71. Kd2 Rd8+ 72. Kc3 Rc8+ 73. Kd4 Rd8+ 74. Kc5 Rd1 75. Kc6 Rd3 76. Ra2 Kg5 77. Ra8 Rd2 78. Rg8+ Kf5 79. Rg7 Rd3 80. Rd7 Rc3+ 81. Kd6 Kf6 82. Rd8 Rd3+ 83. Kc7 Rc3+ 84. Kd7 Rd3+ 85. Ke8 Re3+ 86. Kf8 Re2 87. Rd6+ Kg5 88. Kf7 Ra2 89. Rd8 Ra7+ 90. Ke6 Ra6+ 91. Kf7 Ra7+ 92. Ke6 Ra6+ 93. Ke5 Ra5+ 94. Rd5 Ra4 95. Rd4 Ra8 96. g4 Ra3 97. Rd8 Re3+ 98. Kd4 Rxf3 99. Rg8+ Kf6 100. Ke4 Rf1 101. g5+ Kf7 102. Ra8 Kg6 103. Rg8+ Kf7 104. Ra8 Kg6 105. Rg8+ Kf7 106. Ra8 Kg6 1/2-1/2

[Event "Elite POM"]
[Site "Montreal CAN"]
[Date "2012.10.06"]
[Round "2.4"]
[White "Ibrahim, Anthony"]
[Black "Kraiouchkine, Nikita"]
[Result "1/2-1/2"]
[WhiteElo "2166"]
[BlackElo "2322"]
[PlyCount "64"]
[GameId "2160767909444755"]
[EventDate "2012.10.05"]
[EventType "swiss"]
[EventRounds "7"]
[EventCountry "CAN"]
[SourceTitle "EXT 2022"]
[Source "ChessBase"]
[SourceDate "2021.10.06"]
[SourceVersion "1"]
[SourceVersionDate "2021.10.06"]
[SourceQuality "1"]

1. e4 e6 2. d4 d5 3. Nc3 Bb4 4. e5 c5 5. a3 Ba5 6. b4 cxd4 7. Nb5 Bc7 8. Nf3 Ne7 9. Bb2 Nbc6 10. Nxc7+ Qxc7 11. Bxd4 O-O 12. Bb2 Ng6 13. Bd3 Ncxe5 14. Nxe5 Nxe5 15. Bxh7+ Kxh7 16. Qh5+ Kg8 17. Bxe5 Qc4 18. Qe2 Qxe2+ 19. Kxe2 f6 20. Bb2 e5 21. f4 Bf5 22. fxe5 fxe5 23. Kd2 Rac8 24. Rac1 Be4 25. Rhe1 Rf2+ 26. Re2 Rxe2+ 27. Kxe2 Bxg2 28. Kf2 Be4 29. Bxe5 Bxc2 30. Ke3 Rc4 31. Kd2 Re4 32. Bxg7 Kxg7 1/2-1/2

[Event "Elite POM"]
[Site "Montreal CAN"]
[Date "2012.10.06"]
[Round "2.5"]
[White "Hambleton, Aman"]
[Black "Zhu, Hong Rui"]
[Result "1-0"]
[WhiteElo "2293"]
[BlackElo "2074"]
[PlyCount "97"]
[GameId "2160767909444756"]
[EventDate "2012.10.05"]
[EventType "swiss"]
[EventRounds "7"]
[EventCountry "CAN"]
[SourceTitle "EXT 2022"]
[Source "ChessBase"]
[SourceDate "2021.10.06"]
[SourceVersion "1"]
[SourceVersionDate "2021.10.06"]
[SourceQuality "1"]

1. d4 d5 2. c4 e6 3. Nc3 Nf6 4. cxd5 exd5 5. Bg5 Be7 6. e3 O-O 7. Bd3 c6 8. Qc2 Nbd7 9. Nge2 Re8 10. O-O Nf8 11. f3 h6 12. Bh4 Bd6 13. Bf2 c5 14. dxc5 Bxc5 15. Nd4 Ne6 16. Nce2 Qb6 17. Rac1 Nxd4 18. Nxd4 Bxd4 19. exd4 Be6 20. Qd2 Rac8 21. Rc5 Nd7 22. Rc3 a6 23. Rfc1 Nb8 24. Bb1 Nc6 25. Qc2 g6 26. Qd2 Kg7 27. Be3 h5 28. Rc5 Ne7 29. Bd3 Rc6 30. Bh6+ Kh7 31. Bg5 Ng8 32. Rxc6 bxc6 33. Rc5 Kg7 34. b3 Bc8 35. Qa5 Qb7 36. Qc3 Re6 37. Ra5 Qa7 38. Qc5 Qb8 39. Bd2 Nf6 40. Bxa6 Bxa6 41. Rxa6 Re2 42. Qxc6 Qd8 43. Ra8 Qe7 44. Qc1 Ne4 45. Qc8 Kf6 46. Qa6+ Nd6 47. Qd3 Re6 48. Rg8 Nf5 49. g4 1-0

[Event "Elite POM"]
[Site "Montreal CAN"]
[Date "2012.10.06"]
[Round "2.6"]
[White "Wan, Kevin"]
[Black "Masse, Hugues"]
[Result "1/2-1/2"]
[WhiteElo "1828"]
[BlackElo "2255"]
[PlyCount "55"]
[GameId "2160767909444757"]
[EventDate "2012.10.05"]
[EventType "swiss"]
[EventRounds "7"]
[EventCountry "CAN"]
[SourceTitle "EXT 2022"]
[Source "ChessBase"]
[SourceDate "2021.10.06"]
[SourceVersion "1"]
[SourceVersionDate "2021.10.06"]
[SourceQuality "1"]

1. e4 c5 2. Nf3 d6 3. d4 cxd4 4. Nxd4 Nf6 5. Nc3 a6 6. Bg5 e6 7. f4 Qc7 8. Qf3 b5 9. Bd3 Be7 10. O-O-O b4 11. Nb1 Nbd7 12. c3 Bb7 13. Bc2 Rc8 14. Rhe1 Qa5 15. a3 bxa3 16. Nxa3 O-O 17. Nb1 Qc7 18. Qg3 Nh5 19. Qh4 Bxg5 20. Qxg5 Nxf4 21. Qxf4 e5 22. Qe3 exd4 23. Qxd4 Ne5 24. Qxd6 Qa5 25. Qa3 Qc7 26. Qd6 Qa5 27. Qa3 Qc7 28. Qd6 1/2-1/2

[Event "Elite POM"]
[Site "Montreal CAN"]
[Date "2012.10.06"]
[Round "2.7"]
[White "Robichaud, Louis"]
[Black "Rondon, Luciano"]
[Result "1-0"]
[WhiteElo "2141"]
[BlackElo "2014"]
[PlyCount "77"]
[GameId "2160767909444758"]
[EventDate "2012.10.05"]
[EventType "swiss"]
[EventRounds "7"]
[EventCountry "CAN"]
[SourceTitle "EXT 2022"]
[Source "ChessBase"]
[SourceDate "2021.10.06"]
[SourceVersion "1"]
[SourceVersionDate "2021.10.06"]
[SourceQuality "1"]

1. e4 c5 2. Nc3 e6 3. g3 Nc6 4. Bg2 Nge7 5. f4 g6 6. Nf3 Bg7 7. O-O O-O 8. d3 d5 9. Bd2 Nd4 10. e5 Nxf3+ 11. Bxf3 Bd7 12. Rb1 b5 13. a3 a5 14. Ne2 Rc8 15. b4 cxb4 16. axb4 Qb6+ 17. d4 a4 18. c3 Rc7 19. Nc1 Nc8 20. Nd3 Qa7 21. Nc5 Nb6 22. Be2 Nc4 23. Bd3 a3 24. Bc1 Ra8 25. Ra1 Qb6 26. Rf2 Bc6 27. h4 Rca7 28. h5 Qc7 29. hxg6 hxg6 30. Qg4 Be8 31. Qh3 Nb2 32. Bc2 Nc4 33. Rh2 Bd7 34. Qh7+ Kf8 35. f5 Nxe5 36. dxe5 Qxe5 37. Bf4 Qxc3 38. Bd6+ Ke8 39. Qg8+ 1-0

[Event "Elite POM"]
[Site "Montreal CAN"]
[Date "2012.10.06"]
[Round "2.8"]
[White "Guo, Forest"]
[Black "Lopez Linares, Lizandro"]
[Result "1-0"]
[WhiteElo "1928"]
[BlackElo "2096"]
[PlyCount "115"]
[GameId "2160767909444759"]
[EventDate "2012.10.05"]
[EventType "swiss"]
[EventRounds "7"]
[EventCountry "CAN"]
[SourceTitle "EXT 2022"]
[Source "ChessBase"]
[SourceDate "2021.10.06"]
[SourceVersion "1"]
[SourceVersionDate "2021.10.06"]
[SourceQuality "1"]

1. e4 e6 2. d4 d5 3. e5 c5 4. c3 Nc6 5. Nf3 Qb6 6. a3 cxd4 7. cxd4 Nh6 8. Nc3 Bd7 9. Be2 Rc8 10. O-O Nf5 11. Na4 Qd8 12. Be3 Be7 13. b4 O-O 14. Rc1 Nxe3 15. fxe3 Nxe5 16. Nc5 Nxf3+ 17. gxf3 Bxc5 18. dxc5 Qg5+ 19. Kf2 Qh4+ 20. Kg1 e5 21. Qxd5 Bh3 22. Qxb7 Qg5+ 23. Kf2 Qg2+ 24. Ke1 Rcd8 25. Qe4 Qxh2 26. Qh4 Qg2 27. Qf2 Qg6 28. Rg1 Qf6 29. Qg3 Bf5 30. Qg5 Qxg5 31. Rxg5 g6 32. b5 f6 33. Rg2 Kf7 34. a4 Rb8 35. Bc4+ Ke7 36. Bd5 Rfc8 37. Rb2 Bd7 38. e4 h5 39. Rcc2 h4 40. c6 Be8 41. c7 Rb6 42. a5 Rxb5 43. Rxb5 Bxb5 44. Bb7 Bd7 45. Bxc8 Bxc8 46. Rd2 Bd7 47. a6 f5 48. Rb2 Bc8 49. Rb7 fxe4 50. fxe4 Kd7 51. Rxa7 g5 52. Ra8 Kxc7 53. a7 Bb7 54. Re8 Bxe4 55. a8=Q Bxa8 56. Rxa8 h3 57. Ra6 g4 58. Kf2 1-0

[Event "Elite POM"]
[Site "Montreal CAN"]
[Date "2012.10.06"]
[Round "2.9"]
[White "Libersan, Thierry"]
[Black "Pichette, Mickaelin"]
[Result "1-0"]
[WhiteElo "2111"]
[BlackElo "1894"]
[PlyCount "69"]
[GameId "2160767909444760"]
[EventDate "2012.10.05"]
[EventType "swiss"]
[EventRounds "7"]
[EventCountry "CAN"]
[SourceTitle "EXT 2022"]
[Source "ChessBase"]
[SourceDate "2021.10.06"]
[SourceVersion "1"]
[SourceVersionDate "2021.10.06"]
[SourceQuality "1"]

1. e4 c5 2. Nf3 e6 3. d4 Nf6 4. Nc3 d5 5. exd5 exd5 6. Bb5+ Bd7 7. O-O cxd4 8. Nxd4 Nc6 9. Bxc6 bxc6 10. Re1+ Be7 11. Qe2 Rb8 12. Bf4 Rxb2 13. Na4 Rb4 14. Bc7 Rxd4 15. Bxd8 Re4 16. Bxe7 Rxe2 17. Rxe2 Ne4 18. Bc5 Kd8 19. Bxa7 Kc7 20. Bd4 Kd6 21. f3 c5 22. Bxg7 Rg8 23. Bh6 Bb5 24. Rxe4 dxe4 25. Nc3 Bc6 26. Nxe4+ Bxe4 27. fxe4 Ke5 28. a4 Kxe4 29. a5 Kd4 30. a6 Kc3 31. a7 Ra8 32. Ra2 c4 33. Bg7+ Kd2 34. c3+ Kd3 35. Bd4 1-0

[Event "Elite POM"]
[Site "Montreal CAN"]
[Date "2012.10.06"]
[Round "2.10"]
[White "Cardin, Guillaume"]
[Black "Roy, Myriam"]
[Result "1-0"]
[WhiteElo "2021"]
[BlackElo "2042"]
[PlyCount "89"]
[GameId "2160767909444761"]
[EventDate "2012.10.05"]
[EventType "swiss"]
[EventRounds "7"]
[EventCountry "CAN"]
[SourceTitle "EXT 2022"]
[Source "ChessBase"]
[SourceDate "2021.10.06"]
[SourceVersion "1"]
[SourceVersionDate "2021.10.06"]
[SourceQuality "1"]

1. e4 c5 2. Nc3 Nc6 3. f4 d6 4. Nf3 e6 5. Bb5 Bd7 6. O-O Nf6 7. d3 Be7 8. e5 Nd5 9. Nxd5 exd5 10. exd6 Bxd6 11. Bxc6 bxc6 12. Re1+ Be7 13. Qe2 Be6 14. Ng5 Bxg5 15. f5 O-O 16. fxe6 Qf6 17. exf7+ Rxf7 18. Bxg5 Qxg5 19. Qe6 Qf6 20. Qxf6 Rxf6 21. Re7 Rf7 22. Rae1 Kf8 23. Rxf7+ Kxf7 24. Kf2 Kf6 25. c4 Rb8 26. Re2 Rb7 27. Kf3 Rb8 28. h4 h5 29. g4 hxg4+ 30. Kxg4 a5 31. Kf4 a4 32. Rc2 d4 33. Re2 Rb7 34. h5 Re7 35. Rg2 Kf7 36. Rg5 Re3 37. Rxc5 Rxd3 38. Rxc6 Rd2 39. Rb6 Rc2 40. Rb4 a3 41. bxa3 Rxa2 42. Ke4 Rxa3 43. Kxd4 Rh3 44. Rb5 Ke6 45. Rd5 1-0

[Event "Elite POM"]
[Site "Montreal CAN"]
[Date "2012.10.06"]
[Round "2.11"]
[White "Wu, Qiyou"]
[Black "Gueorguiev, Valentin"]
[Result "1-0"]
[WhiteElo "2041"]
[BlackElo "1996"]
[PlyCount "93"]
[GameId "2160767909444762"]
[EventDate "2012.10.05"]
[EventType "swiss"]
[EventRounds "7"]
[EventCountry "CAN"]
[SourceTitle "EXT 2022"]
[Source "ChessBase"]
[SourceDate "2021.10.06"]
[SourceVersion "1"]
[SourceVersionDate "2021.10.06"]
[SourceQuality "1"]

1. e4 g6 2. d4 Bg7 3. Nf3 c5 4. Nc3 Qa5 5. Be3 Nf6 6. Qd2 cxd4 7. Nxd4 Nc6 8. f3 O-O 9. Bc4 Qb4 10. Bb3 Nxd4 11. Qxd4 Qxd4 12. Bxd4 d6 13. O-O-O Bd7 14. Rhe1 Bc6 15. Nd5 e5 16. Be3 Bxd5 17. Bxd5 Rfb8 18. Rd3 Ne8 19. Rb3 a5 20. a4 Rd8 21. Bxb7 Rab8 22. Ba7 Bh6+ 23. Kb1 Bd2 24. Rd1 Bb4 25. Bxb8 Rxb8 26. Bc6 Rc8 27. Bxe8 Rxe8 28. c3 Bc5 29. Rb5 Ra8 30. Kc2 f5 31. b4 axb4 32. cxb4 Bd4 33. a5 Rc8+ 34. Kb3 Rc3+ 35. Ka4 Rc2 36. Rb8+ Kg7 37. Kb5 Rxg2 38. a6 Kf6 39. Rxd4 exd4 40. a7 Ra2 41. a8=Q Rxa8 42. Rxa8 fxe4 43. fxe4 Ke5 44. Kc6 d3 45. b5 Kxe4 46. b6 d2 47. Ra1 1-0

[Event "Elite POM"]
[Site "Montreal CAN"]
[Date "2012.10.06"]
[Round "2.12"]
[White "Zhou, Qiyu"]
[Black "Poulin, Mathieu"]
[Result "0-1"]
[WhiteElo "1921"]
[BlackElo "2039"]
[PlyCount "126"]
[GameId "2160767909444763"]
[EventDate "2012.10.05"]
[EventType "swiss"]
[EventRounds "7"]
[EventCountry "CAN"]
[SourceTitle "EXT 2022"]
[Source "ChessBase"]
[SourceDate "2021.10.06"]
[SourceVersion "1"]
[SourceVersionDate "2021.10.06"]
[SourceQuality "1"]

1. e4 c6 2. d4 d5 3. exd5 cxd5 4. Bd3 Nc6 5. c3 Qc7 6. Ne2 Bg4 7. f3 Bh5 8. O-O e6 9. Bf4 Bd6 10. Qd2 Nf6 11. Na3 a6 12. Nc2 O-O 13. Rfe1 Bg6 14. Bxg6 hxg6 15. Bxd6 Qxd6 16. Nf4 b5 17. b4 a5 18. a3 Nd7 19. Nd3 Nb6 20. Ne3 Ra7 21. Nc5 Rfa8 22. Qb2 Nd8 23. Nc2 Nc4 24. Qb3 Qb6 25. Ne3 axb4 26. Qxb4 Nxa3 27. Nd7 Rxd7 28. Rxa3 Rxa3 29. Qxa3 Ra7 30. Qb3 Nc6 31. Rb1 Ra5 32. Nc2 Qa6 33. Nb4 Nxb4 34. Qxb4 Ra1 35. Kf2 Rxb1 36. Qxb1 Qa5 37. Qb3 Kf8 38. f4 Ke7 39. Ke3 Qa4 40. Qb2 Kd6 41. g3 Kc6 42. Qb4 Qxb4 43. cxb4 Kd6 44. h3 f6 45. Kd3 e5 46. Ke3 Ke6 47. Kd3 Kf5 48. fxe5 fxe5 49. Ke3 g5 50. Kd3 Ke6 51. Ke3 g4 52. hxg4 g5 53. Ke2 exd4 54. Kd2 Ke5 55. Kd3 Ke6 56. Ke2 d3+ 57. Kxd3 Ke5 58. Ke3 d4+ 59. Kf2 Ke4 60. Ke2 d3+ 61. Kd2 Kd4 62. Kd1 Kc3 63. Kc1 Kxb4 0-1

[Event "Elite POM"]
[Site "Montreal CAN"]
[Date "2012.10.06"]
[Round "2.14"]
[White "Cote-Lalumiere, Tristan"]
[Black "Le Duin, Thierry"]
[Result "0-1"]
[WhiteElo "1840"]
[BlackElo "2023"]
[PlyCount "46"]
[GameId "2160767909444766"]
[EventDate "2012.10.05"]
[EventType "swiss"]
[EventRounds "7"]
[EventCountry "CAN"]
[SourceTitle "EXT 2022"]
[Source "ChessBase"]
[SourceDate "2021.10.06"]
[SourceVersion "1"]
[SourceVersionDate "2021.10.06"]
[SourceQuality "1"]

1. e4 d5 2. exd5 Nf6 3. d4 Bg4 4. Bb5+ Nbd7 5. Nf3 Nxd5 6. c4 N5f6 7. h3 Bh5 8. d5 e6 9. g4 Bb4+ 10. Kf1 Bg6 11. g5 a6 12. gxf6 axb5 13. fxg7 Rg8 14. dxe6 fxe6 15. Ng5 Qf6 16. Qg4 Bd3+ 17. Kg2 Rxg7 18. Rd1 Bxc4 19. Be3 h6 20. Kh2 hxg5 21. Qh5+ Qg6 22. Qh8+ Rg8 23. Qd4 Bd6+ 0-1

[Event "Elite POM"]
[Site "Montreal CAN"]
[Date "2012.10.06"]
[Round "3.1"]
[White "Kovalyov, Anton"]
[Black "Sambuev, Bator"]
[Result "1-0"]
[WhiteElo "2589"]
[BlackElo "2594"]
[PlyCount "139"]
[GameId "2160767909444767"]
[EventDate "2012.10.05"]
[EventType "swiss"]
[EventRounds "7"]
[EventCountry "CAN"]
[SourceTitle "EXT 2022"]
[Source "ChessBase"]
[SourceDate "2021.10.06"]
[SourceVersion "1"]
[SourceVersionDate "2021.10.06"]
[SourceQuality "1"]

1. c4 e6 2. Nf3 d5 3. d4 c6 4. e3 f5 5. Bd3 Nf6 6. O-O Bd6 7. b3 Qe7 8. Bb2 O-O 9. Qc1 dxc4 10. bxc4 c5 11. Nc3 Nc6 12. Rd1 Rd8 13. Nb5 Bb8 14. dxc5 Nd7 15. Nd6 Nxc5 16. Nxc8 Rxc8 17. Be2 Bd6 18. Ba3 Rd8 19. Qc2 Rac8 20. g3 b6 21. Bxc5 Bxc5 22. Rxd8+ Rxd8 23. Rd1 h6 24. h4 Rd6 25. Rxd6 Qxd6 26. Kg2 Kf8 27. h5 Qd7 28. Qa4 Ne5 29. Qxd7 Nxd7 30. Nd4 Kf7 31. f4 Nf6 32. Bf3 Ne8 33. Be2 a6 34. Kf2 Nf6 35. Bf3 Ke7 36. Ke2 Kd6 37. Kd3 Bb4 38. Ke2 Bc3 39. Kd1 Ne8 40. Kc2 Ba1 41. a4 Nc7 42. Bb7 a5 43. Nb3 Bf6 44. Kd3 Bd8 45. c5+ bxc5 46. Nxa5 Nd5 47. Nc4+ Kc7 48. Ba8 Bf6 49. a5 Nb4+ 50. Kd2 Nd5 51. Kd3 Nb4+ 52. Ke2 Nd5 53. Kf3 Bc3 54. Ke2 Bb4 55. Kf2 Bc3 56. g4 fxg4 57. f5 Kb8 58. fxe6 Nc7 59. Bg2 Nxe6 60. Kg3 Nf8 61. Kxg4 g6 62. a6 gxh5+ 63. Kf5 h4 64. Nd6 h3 65. Bd5 Nd7 66. Nb5 Nb6 67. a7+ Kc8 68. Nxc3 h2 69. Bh1 Kd7 70. Na4 1-0

[Event "Elite POM"]
[Site "Montreal CAN"]
[Date "2012.10.06"]
[Round "3.2"]
[White "Jiang, Louie"]
[Black "Hambleton, Aman"]
[Result "0-1"]
[WhiteElo "2357"]
[BlackElo "2293"]
[PlyCount "86"]
[GameId "2160767909444768"]
[EventDate "2012.10.05"]
[EventType "swiss"]
[EventRounds "7"]
[EventCountry "CAN"]
[SourceTitle "EXT 2022"]
[Source "ChessBase"]
[SourceDate "2021.10.06"]
[SourceVersion "1"]
[SourceVersionDate "2021.10.06"]
[SourceQuality "1"]

1. e4 e6 2. f4 d5 3. e5 c5 4. Nf3 h5 5. c3 Nh6 6. Na3 Qd7 7. Bb5 Nc6 8. Qa4 a6 9. d3 Ra7 10. Bxc6 Qxc6 11. Qxc6+ bxc6 12. c4 a5 13. Nc2 a4 14. Ne3 Be7 15. Bd2 Bd7 16. Ke2 O-O 17. Rag1 Rb8 18. Bc1 Nf5 19. g4 hxg4 20. Rxg4 Bc8 21. Rhg1 Bf8 22. Nh4 Nxe3 23. Kxe3 dxc4 24. dxc4 Rb4 25. Kd3 Ba6 26. f5 Rd7+ 27. Ke3 Rxc4 28. Rxc4 Bxc4 29. a3 Rd3+ 30. Kf2 Rh3 31. Rg4 Rxh2+ 32. Kg3 Rc2 33. Be3 exf5 34. Nxf5 Be6 35. Rf4 Bxf5 36. Rxf5 Rxb2 37. Kg4 Rb3 38. Bg1 Rxa3 39. e6 f6 40. Rf1 c4 41. Rb1 Rb3 42. Rd1 Rd3 43. Rb1 Bd6 0-1

[Event "Elite POM"]
[Site "Montreal CAN"]
[Date "2012.10.06"]
[Round "3.3"]
[White "Kraiouchkine, Nikita"]
[Black "Robichaud, Louis"]
[Result "1-0"]
[WhiteElo "2322"]
[BlackElo "2141"]
[PlyCount "79"]
[GameId "2160767909444769"]
[EventDate "2012.10.05"]
[EventType "swiss"]
[EventRounds "7"]
[EventCountry "CAN"]
[SourceTitle "EXT 2022"]
[Source "ChessBase"]
[SourceDate "2021.10.06"]
[SourceVersion "1"]
[SourceVersionDate "2021.10.06"]
[SourceQuality "1"]

1. e4 e5 2. Nf3 Nc6 3. Bc4 Bc5 4. b4 Bxb4 5. c3 Ba5 6. d4 d6 7. Qb3 Qd7 8. O-O Bb6 9. Bb5 a6 10. Qa4 Ba7 11. Bxc6 Qxc6 12. Qxc6+ bxc6 13. dxe5 Bg4 14. Nd4 c5 15. Nf5 Bxf5 16. exf5 O-O-O 17. e6 Ne7 18. g4 h5 19. h3 hxg4 20. hxg4 Rh4 21. f3 c4+ 22. Kg2 Rdh8 23. exf7 Nd5 24. f8=Q+ Rxf8 25. Rd1 c6 26. Bg5 Rh7 27. Na3 Be3 28. Rxd5 Bxg5 29. Rxd6 Bf4 30. Rxc6+ Kd7 31. Rxc4 Rh2+ 32. Kg1 Bg3 33. Rd1+ Ke7 34. Re4+ Kf7 35. f4 Rxa2 36. Nc4 Rb8 37. Rd2 Rxd2 38. Nxd2 g6 39. fxg6+ Kxg6 40. Kg2 1-0

[Event "Elite POM"]
[Site "Montreal CAN"]
[Date "2012.10.06"]
[Round "3.4"]
[White "Masse, Hugues"]
[Black "Guo, Forest"]
[Result "1/2-1/2"]
[WhiteElo "2255"]
[BlackElo "1928"]
[PlyCount "43"]
[GameId "2160767909444770"]
[EventDate "2012.10.05"]
[EventType "swiss"]
[EventRounds "7"]
[EventCountry "CAN"]
[SourceTitle "EXT 2022"]
[Source "ChessBase"]
[SourceDate "2021.10.06"]
[SourceVersion "1"]
[SourceVersionDate "2021.10.06"]
[SourceQuality "1"]

1. d4 d5 2. c4 e6 3. Nf3 Be7 4. g3 Nf6 5. Bg2 O-O 6. O-O dxc4 7. Qc2 c5 8. Rd1 Bd7 9. Qxc4 Bc6 10. Nc3 Qa5 11. dxc5 Qxc5 12. Qf4 Nbd7 13. Be3 Qb4 14. Qxb4 Bxb4 15. Bd4 Rfd8 16. a3 Be7 17. b4 a6 18. Rac1 Rac8 19. h3 h6 20. Kf1 Kf8 21. Ke1 Bd6 22. Be3 1/2-1/2

[Event "Elite POM"]
[Site "Montreal CAN"]
[Date "2012.10.06"]
[Round "3.5"]
[White "Yu, Zong Yang"]
[Black "Ibrahim, Anthony"]
[Result "0-1"]
[WhiteElo "2139"]
[BlackElo "2166"]
[PlyCount "52"]
[GameId "2160767909444771"]
[EventDate "2012.10.05"]
[EventType "swiss"]
[EventRounds "7"]
[EventCountry "CAN"]
[SourceTitle "EXT 2022"]
[Source "ChessBase"]
[SourceDate "2021.10.06"]
[SourceVersion "1"]
[SourceVersionDate "2021.10.06"]
[SourceQuality "1"]

1. d4 Nf6 2. c4 e6 3. Nf3 d5 4. g3 dxc4 5. Bg2 c5 6. Qa4+ Bd7 7. Qxc4 Bc6 8. O-O Nbd7 9. Rd1 Rc8 10. Bg5 cxd4 11. Qxd4 Bc5 12. Qd2 Qb6 13. e3 Ne4 14. Qc2 O-O 15. Rxd7 Bxd7 16. Qxe4 Qxb2 17. Qe5 Qc1+ 18. Bf1 f6 19. Qe4 Qb2 20. Bd3 g6 21. Bxf6 Qxf6 22. Ne5 Qxf2+ 23. Kh1 Bd4 24. Nc3 Bxe5 25. Qxe5 Rxc3 26. Qxc3 Bc6+ 0-1

[Event "Elite POM"]
[Site "Montreal CAN"]
[Date "2012.10.06"]
[Round "3.6"]
[White "Chiku-Ratte, Olivier-Kenta"]
[Black "Wan, Kevin"]
[Result "1-0"]
[WhiteElo "2214"]
[BlackElo "1828"]
[PlyCount "43"]
[GameId "2160767909444772"]
[EventDate "2012.10.05"]
[EventType "swiss"]
[EventRounds "7"]
[EventCountry "CAN"]
[SourceTitle "EXT 2022"]
[Source "ChessBase"]
[SourceDate "2021.10.06"]
[SourceVersion "1"]
[SourceVersionDate "2021.10.06"]
[SourceQuality "1"]

1. d4 d5 2. c4 c6 3. Nf3 Nf6 4. Nc3 e6 5. e3 Bd6 6. Bd3 Nbd7 7. O-O O-O 8. e4 dxc4 9. Bxc4 e5 10. Re1 b5 11. Bb3 Bb7 12. Bg5 h6 13. Bh4 Qe7 14. Bg3 Rfd8 15. Nh4 g6 16. Nxg6 Qe8 17. Qf3 Kh7 18. Nxe5 b4 19. Bxf7 Qf8 20. Qf5+ Kg7 21. Qg6+ Kh8 22. Nxd7 1-0

[Event "Elite POM"]
[Site "Montreal CAN"]
[Date "2012.10.06"]
[Round "3.7"]
[White "Poulin, Mathieu"]
[Black "Larochelle, Martial"]
[Result "0-1"]
[WhiteElo "2039"]
[BlackElo "2201"]
[PlyCount "90"]
[GameId "2160767909444773"]
[EventDate "2012.10.05"]
[EventType "swiss"]
[EventRounds "7"]
[EventCountry "CAN"]
[SourceTitle "EXT 2022"]
[Source "ChessBase"]
[SourceDate "2021.10.06"]
[SourceVersion "1"]
[SourceVersionDate "2021.10.06"]
[SourceQuality "1"]

1. d4 Nf6 2. c4 g6 3. Nc3 d5 4. cxd5 Nxd5 5. e3 Bg7 6. Nf3 O-O 7. Bc4 Nxc3 8. bxc3 c5 9. O-O Nc6 10. Ba3 b6 11. Rc1 Qc7 12. Qe2 Rd8 13. Ng5 e6 14. Rfd1 Na5 15. Bb5 Bb7 16. Qg4 h6 17. Nf3 Nc6 18. e4 Ne7 19. Bc4 Qc6 20. Nd2 Rac8 21. Bb3 Qd7 22. Nc4 Qc7 23. Bb2 b5 24. Ne3 c4 25. Bc2 e5 26. d5 Ra8 27. Rf1 Bc8 28. Qe2 Bd7 29. Bb1 Nc8 30. h3 Bf8 31. Ng4 Bxg4 32. Qxg4 Bc5 33. Kh1 Qd7 34. Qh4 Kh7 35. Rce1 Qe7 36. Qg4 Nb6 37. Bc2 a5 38. f4 exf4 39. Rxf4 Nxd5 40. Rf3 Nf6 41. Qf4 Nh5 42. Qc1 Qe5 43. g4 Bd6 44. Qd2 Ng3+ 45. Kg1 Bc5+ 0-1